000 00572nam a2200205Ia 4500
003 OSt
005 20250205122844.0
008 210210b1961 xxu||||| |||| 00| 0 eng d
040 _cAL
041 _aKannada
082 _a859/981
100 _aNADIGERA KRASHNARAYA
_9139219
_dನಾಡಿಗೇರ ಕೃಷ್ಣರಾಯ
245 _aNage barahagalu-3
_bನಗೆ ಬರಹಗಳು- ೩
260 _aBengaluru
_b-
_c1961
650 _aNage
_9139220
650 _abarahagaLu-3
_9139221
690 _aKannada Fiction
_9139222
906 _a021731
942 _2ddc
_cBK
999 _c145831
_d145831